| 000 | 01038cam2a220027700 4500 | ||
|---|---|---|---|
| 001 | lce00268990 | ||
| 008 | 770617s1977 cau b 001 0 eng | ||
| 010 | _a 77024931 //r85 | ||
| 020 |
_c _32.50 |
||
| 035 | _a(Sirsi) r63731 | ||
| 035 | _a(DLC) 77024931 //r85 | ||
| 035 | _a(UPRA)lce00268990 | ||
| 040 | _dUPRA | ||
| 050 | 0 |
_aZ6464.D6 _bB87 _aJX1974.7 |
|
| 082 | _a016.327/174 | ||
| 100 | 1 |
_aBurns, Richard Dean. _6A23539.1 |
|
| 245 | 1 | 0 |
_aArms control and disarmament : _ba bibliography / _cRichard Dean Burns. |
| 260 |
_aSanta Barbara, CA : _bABC-Clio, _cc1977. |
||
| 490 | 0 |
_aThe War/peace bibliography series ; 6 _6S22529.1 |
|
| 500 | _aIncludes indexes. | ||
| 650 | 0 |
_aNuclear disarmament -- Bibliography. _xNuclear disarmament -- Bibliography. _6S16830.1 |
|
| 650 | 0 |
_aDisarmament -- Bibliography. _xDisarmament -- Bibliography. _6S16831.1 |
|
| 650 | 0 |
_aNuclear arms control -- Bibliography. _xNuclear arms control -- Bibliography. _6S16832.1 |
|
| 949 |
_aZ6464.D6 _wlcc _i-84751 _mMAIN _tBOOK _lON-SHELF |
||
| 004 | 63731 | ||
| 999 |
_c171509 _d171509 |
||